000 00290nam a2200121Ia 4500
008 191201s2008 xx 000 0 und d
100 _aMAHESWARI, K.L
245 0 _aManagerial Economics
260 _aN.Delhi
_bS Chand and Co. Ltd.
_c2008
300 _a682
650 _aMBA
942 _2ddc
_cBK
999 _c3515
_d3515